[Event "Prague Open 2022 - A IM Open"]
[Site "Olympik hotel, Prague"]
[Date "2022.01.13"]
[Round "8"]
[Board "23"]
[White "Babula, Vlastimil"]
[Black "Llopis de Aysa, Manuel"]
[Result "1-0"]
[WhiteElo "2227"]
[BlackElo "2035"]
[PlyCount "0"]
[EventDate "2022.01.07"]
[EventRounds "9"]
[EventCountry "CZE"]

1. e4 {[%clk 1:30:56]} d6 {[%clk 1:30:56]} 2. d4 {[%clk 1:31:10]} Nf6
{[%clk 1:31:19]} 3. Nc3 {[%clk 1:31:31]} e5 {[%clk 1:31:42]} 4. Nf3
{[%clk 1:31:25]} Nbd7 {[%clk 1:32:04]} 5. Bc4 {[%clk 1:31:29]} Be7
{[%clk 1:32:19]} 6. O-O {[%clk 1:30:47]} O-O {[%clk 1:32:34]} 7. Re1
{[%clk 1:31:12]} c6 {[%clk 1:32:46]} 8. a4 {[%clk 1:31:24]} a5 {[%clk 1:32:16]}
9. b3 {[%clk 1:30:25]} h6 {[%clk 1:21:41]} 10. h3 {[%clk 1:20:37]} Re8
{[%clk 1:21:44]} 11. Bb2 {[%clk 1:20:24]} Qc7 {[%clk 1:11:26]} 12. Qd2
{[%clk 1:15:07]} Nf8 {[%clk 1:06:34]} 13. Bd3 {[%clk 0:58:12]} Ng6
{[%clk 1:03:46]} 14. Ne2 {[%clk 0:57:37]} Nh7 {[%clk 0:53:39]} 15. c4
{[%clk 0:42:24]} Ng5 {[%clk 0:52:02]} 16. Qe3 {[%clk 0:42:03]} Ne6
{[%clk 0:42:44]} 17. Ng3 {[%clk 0:36:41]} exd4 {[%clk 0:37:13]} 18. Nxd4
{[%clk 0:35:01]} Bg5 {[%clk 0:34:06]} 19. Qe2 {[%clk 0:33:52]} Ngf4
{[%clk 0:27:22]} 20. Qc2 {[%clk 0:33:06]} Nxd4 {[%clk 0:21:49]} 21. Bxd4
{[%clk 0:33:13]} Ne6 {[%clk 0:20:59]} 22. Bc3 {[%clk 0:32:09]} Bf4
{[%clk 0:20:31]} 23. Nf5 {[%clk 0:24:58]} Be5 {[%clk 0:20:49]} 24. Rac1
{[%clk 0:23:21]} Nc5 {[%clk 0:16:27]} 25. Nd4 {[%clk 0:21:38]} Bd7
{[%clk 0:15:59]} 26. Bf1 {[%clk 0:20:07]} Ne6 {[%clk 0:10:33]} 27. Nxe6
{[%clk 0:10:09]} Bxe6 {[%clk 0:09:59]} 28. Bd2 {[%clk 0:09:08]} Bd4
{[%clk 0:08:41]} 29. Bf4 {[%clk 0:08:34]} Rad8 {[%clk 0:07:45]} 30. Rcd1
{[%clk 0:06:15]} Qb6 {[%clk 0:05:46]} 31. Rd2 {[%clk 0:06:23]} Be5
{[%clk 0:03:42]} 32. Be3 {[%clk 0:06:16]} Qc7 {[%clk 0:04:10]} 33. f4
{[%clk 0:06:13]} Bf6 {[%clk 0:04:24]} 34. Red1 {[%clk 0:05:55]} b6
{[%clk 0:03:34]} 35. Rd3 {[%clk 0:05:36]} Bc8 {[%clk 0:03:46]} 36. R3d2
{[%clk 0:04:17]} Bf5 {[%clk 0:02:30]} 37. Bd3 {[%clk 0:04:06]} Bc8
{[%clk 0:01:30]} 38. Bf2 {[%clk 0:04:15]} Bb7 {[%clk 0:01:02]} 39. Be2
{[%clk 0:04:07]} Bc8 {[%clk 0:00:47]} 40. Bf3 {[%clk 0:04:28]} Bb7
{[%clk 0:00:38]} 41. Rd3 {[%clk 0:02:22]} c5 {[%clk 0:27:56]} 42. R3d2
{[%clk 0:32:16]} Bc6 {[%clk 0:18:08]} 43. Re1 {[%clk 0:31:15]} Qb7
{[%clk 0:13:11]} 44. Qd3 {[%clk 0:31:33]} Qc7 {[%clk 0:13:31]} 45. h4
{[%clk 0:31:19]} g5 {[%clk 0:11:48]} 46. hxg5 {[%clk 0:30:20]} hxg5
{[%clk 0:12:15]} 47. g3 {[%clk 0:28:41]} Kg7 {[%clk 0:09:51]} 48. Bg2
{[%clk 0:27:31]} Rh8 {[%clk 0:09:40]} 49. Qf3 {[%clk 0:27:14]} Bb7
{[%clk 0:09:50]} 50. Rd3 {[%clk 0:26:16]} Bc6 {[%clk 0:09:06]} 51. Qe2
{[%clk 0:25:29]} Be7 {[%clk 0:05:59]} 52. Qd2 {[%clk 0:25:40]} Bf6
{[%clk 0:06:02]} 53. Rd1 {[%clk 0:25:25]} Qb7 {[%clk 0:05:35]} 54. Re1
{[%clk 0:23:28]} Rhe8 {[%clk 0:05:33]} 55. fxg5 {[%clk 0:22:56]} Be5
{[%clk 0:05:59]} 56. Kf1 {[%clk 0:21:52]} Rh8 {[%clk 0:06:16]} 57. Qe3
{[%clk 0:20:53]} Qe7 {[%clk 0:06:24]} 58. Qd2 {[%clk 0:20:18]} Rh5
{[%clk 0:06:11]} 59. g4 {[%clk 0:20:05]} Rh2 {[%clk 0:06:05]} 60. Bg3
{[%clk 0:19:45]} Rhh8 {[%clk 0:04:57]} 61. Rf3 {[%clk 0:17:01]} Bxg3
{[%clk 0:04:29]} 62. Rxg3 {[%clk 0:17:30]} Kg6 {[%clk 0:04:44]} 63. Qf2
{[%clk 0:12:41]} Qxg5 {[%clk 0:04:45]} 64. Qf5+ {[%clk 0:13:03]}  1-0

[Event "Prague Open 2022 - A IM Open"]
[Site "Olympik hotel, Prague"]
[Date "2022.01.13"]
[Round "8"]
[Board "24"]
[White "Moser, Axel"]
[Black "Nielsen, Andre"]
[Result "0-1"]
[WhiteElo "2139"]
[BlackElo "2207"]
[PlyCount "0"]
[EventDate "2022.01.07"]
[EventRounds "9"]
[EventCountry "CZE"]

1. d4 {[%clk 1:30:56]} Nf6 {[%clk 1:30:40]} 2. Nf3 {[%clk 1:31:19]} g6
{[%clk 1:30:55]} 3. c4 {[%clk 1:31:39]} Bg7 {[%clk 1:31:16]} 4. Nc3
{[%clk 1:31:54]} O-O {[%clk 1:31:25]} 5. Bg5 {[%clk 1:31:35]} d6 {[%clk 1:31:07]}
6. e3 {[%clk 1:31:58]} c5 {[%clk 1:30:14]} 7. d5 {[%clk 1:31:03]} h6
{[%clk 1:28:52]} 8. Bh4 {[%clk 1:30:35]} Bf5 {[%clk 1:28:14]} 9. Nd2
{[%clk 1:25:48]} Qb6 {[%clk 1:06:22]} 10. e4 {[%clk 1:18:11]} Qxb2
{[%clk 0:41:56]} 11. Na4 {[%clk 1:11:53]} Qd4 {[%clk 0:41:32]} 12. f3
{[%clk 1:09:29]} Bd7 {[%clk 0:39:57]} 13. Rb1 {[%clk 1:05:07]} Qe3+
{[%clk 0:38:13]} 14. Be2 {[%clk 1:05:09]} Qa3 {[%clk 0:38:23]} 15. Nb2
{[%clk 1:04:01]} Nh5 {[%clk 0:28:41]} 16. Nd3 {[%clk 1:03:46]} g5
{[%clk 0:28:46]} 17. Bf2 {[%clk 1:03:32]} Ba4 {[%clk 0:26:05]} 18. Qc1
{[%clk 1:02:20]} Qxc1+ {[%clk 0:26:19]} 19. Rxc1 {[%clk 1:02:06]} Na6
{[%clk 0:18:12]} 20. g3 {[%clk 1:01:45]} Nf6 {[%clk 0:17:24]} 21. O-O
{[%clk 1:00:44]} b6 {[%clk 0:17:00]} 22. f4 {[%clk 0:56:03]} Nb4 {[%clk 0:12:58]}
23. Nxb4 {[%clk 0:48:20]} cxb4 {[%clk 0:13:23]} 24. Bd3 {[%clk 0:47:19]} Ng4
{[%clk 0:10:44]} 25. Be1 {[%clk 0:47:05]} Bd4+ {[%clk 0:10:42]} 26. Kh1
{[%clk 0:47:23]} Ne3 {[%clk 0:10:27]} 27. Rf3 {[%clk 0:47:21]} g4
{[%clk 0:09:41]} 28. Rf2 {[%clk 0:47:31]} Nd1 {[%clk 0:09:47]} 29. Re2
{[%clk 0:47:38]} Nc3 {[%clk 0:10:00]} 30. Nb3 {[%clk 0:47:15]} Nxe2
{[%clk 0:09:37]} 31. Bxe2 {[%clk 0:47:40]} Bxb3 {[%clk 0:08:23]} 32. axb3
{[%clk 0:48:05]} a5 {[%clk 0:05:44]} 33. Bxg4 {[%clk 0:48:17]} a4
{[%clk 0:04:44]} 34. bxa4 {[%clk 0:48:34]} b3 {[%clk 0:02:25]} 35. Bd7
{[%clk 0:47:05]} b2 {[%clk 0:02:44]} 36. Rb1 {[%clk 0:47:20]} Ra7
{[%clk 0:02:47]} 37. Bc6 {[%clk 0:43:52]} Rfa8 {[%clk 0:02:27]}  0-1

[Event "Prague Open 2022 - A IM Open"]
[Site "Olympik hotel, Prague"]
[Date "2022.01.14"]
[Round "9"]
[Board "1"]
[White "Kozak, Antoni"]
[Black "Urkedal, Frode Olav Olsen"]
[Result "1/2-1/2"]
[WhiteElo "2377"]
[BlackElo "2553"]
[PlyCount "0"]
[EventDate "2022.01.07"]
[EventRounds "9"]
[EventCountry "CZE"]

1. Nf3 {[%clk 1:21:27]} d5 {[%clk 1:30:26]} 2. e3 {[%clk 1:18:21]} Nf6
{[%clk 1:26:18]} 3. c4 {[%clk 1:18:01]} e6 {[%clk 1:25:11]} 4. b3
{[%clk 1:18:23]} b6 {[%clk 1:24:09]} 5. Bb2 {[%clk 1:10:05]} Bb7 {[%clk 1:24:11]}
6. d4 {[%clk 1:06:31]} Be7 {[%clk 1:22:16]} 7. cxd5 {[%clk 1:03:56]} Nxd5
{[%clk 1:17:37]} 8. Bb5+ {[%clk 0:51:17]} c6 {[%clk 1:16:24]} 9. Bd3
{[%clk 0:51:43]} O-O {[%clk 1:16:22]} 10. O-O {[%clk 0:48:21]} Nd7
{[%clk 1:12:16]} 11. Nc3 {[%clk 0:47:44]} Nxc3 {[%clk 1:11:12]} 12. Bxc3
{[%clk 0:48:11]} c5 {[%clk 1:11:33]} 13. Rc1 {[%clk 0:40:48]} Rc8
{[%clk 1:10:15]} 14. Qe2 {[%clk 0:39:37]} cxd4 {[%clk 0:57:53]} 15. Bxd4
{[%clk 0:39:30]} Bf6 {[%clk 0:52:33]} 16. Ba6 {[%clk 0:32:00]} Rxc1
{[%clk 0:36:02]} 17. Rxc1 {[%clk 0:32:26]} Bxf3 {[%clk 0:36:27]} 18. Qxf3
{[%clk 0:32:45]} Bxd4 {[%clk 0:36:44]} 19. exd4 {[%clk 0:33:06]} Nf6
{[%clk 0:33:06]} 20. Rc4 {[%clk 0:16:32]} Nd5 {[%clk 0:26:51]} 21. Bb7
{[%clk 0:16:01]} Ne7 {[%clk 0:24:16]} 22. Qf4 {[%clk 0:14:35]} Nf5
{[%clk 0:22:59]} 23. Ba6 {[%clk 0:07:39]} b5 {[%clk 0:17:56]} 24. Rc8
{[%clk 0:03:02]} Qa5 {[%clk 0:09:41]} 25. Rxf8+ {[%clk 0:03:29]} Kxf8
{[%clk 0:10:05]} 26. Qb8+ {[%clk 0:03:56]} Ke7 {[%clk 0:10:29]} 27. Bxb5
{[%clk 0:03:38]} Qxa2 {[%clk 0:05:28]} 28. d5 {[%clk 0:02:42]} Qxb3
{[%clk 0:04:31]} 29. Qxa7+ {[%clk 0:02:45]} Kf6 {[%clk 0:04:09]} 30. Qa1+
{[%clk 0:01:48]} Kg6 {[%clk 0:04:19]} 31. Ba4 {[%clk 0:02:05]} Qxd5
{[%clk 0:04:43]} 32. Bc2 {[%clk 0:02:33]} h5 {[%clk 0:04:56]} 33. h4
{[%clk 0:02:12]} Kh6 {[%clk 0:01:34]} 34. Qc1+ {[%clk 0:01:34]} Kh7
{[%clk 0:01:57]} 35. g3 {[%clk 0:01:22]} g6 {[%clk 0:02:07]} 36. Bxf5
{[%clk 0:01:48]} Qxf5 {[%clk 0:02:33]} 37. Qc3 {[%clk 0:01:09]} e5
{[%clk 0:02:20]} 38. Kg2 {[%clk 0:00:48]} Qe4+ {[%clk 0:02:44]} 39. Kg1
{[%clk 0:01:05]} Kg7 {[%clk 0:03:04]} 40. Qc7 {[%clk 0:01:08]} Qf5
{[%clk 0:02:44]} 41. Qc3 {[%clk 0:00:40]} Qe4 {[%clk 0:01:42]} 42. Qc7
{[%clk 0:23:19]} Qd5 {[%clk 0:31:26]} 43. Qe7 {[%clk 0:23:05]} Qd1+
{[%clk 0:25:51]} 44. Kg2 {[%clk 0:23:27]} Qe2 {[%clk 0:26:08]} 45. Qd6
{[%clk 0:21:53]} Qe4+ {[%clk 0:26:22]} 46. Kg1 {[%clk 0:21:58]} Qd4
{[%clk 0:25:23]} 47. Qe7 {[%clk 0:21:55]} Qd5 {[%clk 0:24:49]} 48. Kh2
{[%clk 0:17:46]} Qe6 {[%clk 0:17:33]} 49. Qxe6 {[%clk 0:08:59]} fxe6
{[%clk 0:17:44]} 50. Kg2 {[%clk 0:09:27]} Kf6 {[%clk 0:18:07]} 51. Kf3
{[%clk 0:08:28]} Kf5 {[%clk 0:18:16]} 52. Ke3 {[%clk 0:05:24]} g5
{[%clk 0:16:02]} 53. hxg5 {[%clk 0:03:59]} Kxg5 {[%clk 0:16:25]} 54. f3
{[%clk 0:04:03]} Kg6 {[%clk 0:16:17]} 55. Ke4 {[%clk 0:04:02]} Kf6
{[%clk 0:16:42]} 56. Ke3 {[%clk 0:04:19]} Ke7 {[%clk 0:16:36]} 57. Kd3
{[%clk 0:03:33]} Kd7 {[%clk 0:16:32]} 58. Ke4 {[%clk 0:03:27]} Kd6
{[%clk 0:16:47]} 59. Kd3 {[%clk 0:03:42]} Ke7 {[%clk 0:14:19]} 60. Ke4
{[%clk 0:03:59]} Kf6 {[%clk 0:14:19]} 61. Ke3 {[%clk 0:04:24]} Kf5
{[%clk 0:13:54]} 62. g4+ {[%clk 0:04:45]} hxg4 {[%clk 0:14:16]} 63. fxg4+
{[%clk 0:05:13]} Kxg4 {[%clk 0:14:39]} 64. Ke4 {[%clk 0:05:40]} Kg5
{[%clk 0:15:03]} 65. Kxe5 {[%clk 0:06:07]} Kg6 {[%clk 0:15:29]} 66. Kxe6  1/2-1/2

[Event "Prague Open 2022 - A IM Open"]
[Site "Olympik hotel, Prague"]
[Date "2022.01.14"]
[Round "9"]
[Board "3"]
[White "Czerw, Dawid"]
[Black "Haring, Filip"]
[Result "1-0"]
[WhiteElo "2396"]
[BlackElo "2398"]
[PlyCount "0"]
[EventDate "2022.01.07"]
[EventRounds "9"]
[EventCountry "CZE"]

1. e4 {[%clk 1:30:56]} c5 {[%clk 1:30:38]} 2. Nf3 {[%clk 1:31:21]} e6
{[%clk 1:30:38]} 3. g3 {[%clk 1:31:46]} Nc6 {[%clk 1:30:02]} 4. Bg2
{[%clk 1:32:03]} Nf6 {[%clk 1:27:59]} 5. Qe2 {[%clk 1:31:54]} Be7
{[%clk 1:23:21]} 6. O-O {[%clk 1:31:38]} d6 {[%clk 1:18:45]} 7. c3
{[%clk 1:30:25]} O-O {[%clk 1:16:28]} 8. d4 {[%clk 1:30:02]} cxd4
{[%clk 1:16:48]} 9. cxd4 {[%clk 1:30:27]} d5 {[%clk 1:17:15]} 10. e5
{[%clk 1:30:45]} Ne4 {[%clk 1:17:42]} 11. Rd1 {[%clk 1:31:09]} Qb6
{[%clk 1:14:55]} 12. Be3 {[%clk 1:28:44]} Bd7 {[%clk 1:04:04]} 13. Ne1
{[%clk 1:22:09]} Nb4 {[%clk 0:55:14]} 14. Bxe4 {[%clk 1:04:55]} dxe4
{[%clk 0:55:42]} 15. Nc3 {[%clk 1:02:31]} Nd5 {[%clk 0:36:49]} 16. Nxe4
{[%clk 1:02:07]} Nxe3 {[%clk 0:37:15]} 17. fxe3 {[%clk 1:00:00]} Bc6
{[%clk 0:36:22]} 18. Nc3 {[%clk 0:59:09]} a5 {[%clk 0:26:42]} 19. Nd3
{[%clk 0:56:42]} a4 {[%clk 0:26:07]} 20. a3 {[%clk 0:56:27]} f6 {[%clk 0:17:19]}
21. Rf1 {[%clk 0:48:00]} Be8 {[%clk 0:14:02]} 22. exf6 {[%clk 0:40:09]} Bxf6
{[%clk 0:08:52]} 23. Ne4 {[%clk 0:35:07]} Bb5 {[%clk 0:09:17]} 24. Nxf6+
{[%clk 0:35:06]} gxf6 {[%clk 0:09:41]} 25. Rf2 {[%clk 0:34:10]} Kh8
{[%clk 0:07:49]} 26. Qd2 {[%clk 0:32:26]} e5 {[%clk 0:04:08]} 27. Nb4
{[%clk 0:19:53]} Rad8 {[%clk 0:04:03]} 28. Rd1 {[%clk 0:19:18]} exd4
{[%clk 0:03:30]} 29. exd4 {[%clk 0:19:41]} Be8 {[%clk 0:03:36]} 30. d5
{[%clk 0:18:13]} Bh5 {[%clk 0:03:40]} 31. Qd4 {[%clk 0:16:31]} Qd6
{[%clk 0:03:26]} 32. Re1 {[%clk 0:15:17]} Kg7 {[%clk 0:03:26]} 33. Qf4
{[%clk 0:13:50]} Qd7 {[%clk 0:00:43]} 34. Re6 {[%clk 0:12:06]} Rde8
{[%clk 0:00:47]} 35. Rxf6 {[%clk 0:11:36]} Re1+ {[%clk 0:00:35]} 36. Kg2
{[%clk 0:11:44]} Rfe8 {[%clk 0:00:34]} 37. Qh6+ {[%clk 0:12:06]}  1-0

[Event "Prague Open 2022 - A IM Open"]
[Site "Olympik hotel, Prague"]
[Date "2022.01.14"]
[Round "9"]
[Board "4"]
[White "Torngren, Gustav"]
[Black "Pijpers, Arthur"]
[Result "1/2-1/2"]
[WhiteElo "2245"]
[BlackElo "2486"]
[PlyCount "0"]
[EventDate "2022.01.07"]
[EventRounds "9"]
[EventCountry "CZE"]

1. e4 {[%clk 1:21:18]} e6 {[%clk 1:30:51]} 2. d4 {[%clk 1:21:40]} d5
{[%clk 1:31:12]} 3. Nc3 {[%clk 1:22:04]} Nf6 {[%clk 1:31:24]} 4. Bg5
{[%clk 1:22:25]} dxe4 {[%clk 1:31:35]} 5. Nxe4 {[%clk 1:22:17]} Be7
{[%clk 1:31:59]} 6. Nxf6+ {[%clk 1:22:23]} Bxf6 {[%clk 1:32:22]} 7. Bxf6
{[%clk 1:22:45]} Qxf6 {[%clk 1:32:49]} 8. Nf3 {[%clk 1:22:30]} c5
{[%clk 1:30:34]} 9. Qd3 {[%clk 1:22:09]} cxd4 {[%clk 1:30:37]} 10. Qxd4
{[%clk 1:19:56]} Qxd4 {[%clk 1:30:56]} 11. Nxd4 {[%clk 1:20:21]} b6
{[%clk 1:20:11]} 12. Nb5 {[%clk 1:17:59]} Kd8 {[%clk 1:20:31]} 13. Be2
{[%clk 1:11:25]} Nd7 {[%clk 0:59:47]} 14. Bf3 {[%clk 1:10:56]} Rb8
{[%clk 1:00:13]} 15. Nxa7 {[%clk 1:11:09]} Bb7 {[%clk 0:57:41]} 16. Nc6+
{[%clk 1:10:27]} Bxc6 {[%clk 0:58:07]} 17. Bxc6 {[%clk 1:10:49]} Kc7
{[%clk 0:58:34]} 18. Bb5 {[%clk 1:10:47]} g5 {[%clk 0:53:38]} 19. O-O-O
{[%clk 1:10:09]} Ne5 {[%clk 0:54:04]} 20. Rhe1 {[%clk 1:09:47]} f6
{[%clk 0:54:29]} 21. Re3 {[%clk 1:09:03]} Rbd8 {[%clk 0:54:42]} 22. Rc3+
{[%clk 1:06:38]} Kb7 {[%clk 0:54:59]} 23. Rxd8 {[%clk 1:06:41]} Rxd8
{[%clk 0:55:27]} 24. Rh3 {[%clk 1:06:46]} Rh8 {[%clk 0:55:49]} 25. Be2
{[%clk 1:06:32]} h6 {[%clk 0:55:01]} 26. c3 {[%clk 1:04:53]} Kc7 {[%clk 0:50:06]}
27. Kc2 {[%clk 1:04:57]} f5 {[%clk 0:30:29]} 28. Re3 {[%clk 0:46:38]} Kd6
{[%clk 0:30:47]} 29. f3 {[%clk 0:46:46]} h5 {[%clk 0:23:13]} 30. a4
{[%clk 0:42:02]} h4 {[%clk 0:19:01]} 31. h3 {[%clk 0:42:29]} Ra8 {[%clk 0:17:10]}
32. Bb5 {[%clk 0:41:19]} Ng6 {[%clk 0:16:41]} 33. Re2 {[%clk 0:41:03]} Nf4
{[%clk 0:08:59]} 34. Rd2+ {[%clk 0:40:29]} Ke7 {[%clk 0:06:55]} 35. Kb3
{[%clk 0:33:55]} Ra7 {[%clk 0:04:15]} 36. Bc4 {[%clk 0:32:37]} e5
{[%clk 0:03:49]} 37. Kb4 {[%clk 0:32:17]} Rd7 {[%clk 0:03:40]} 38. Rc2
{[%clk 0:24:34]} e4 {[%clk 0:03:35]} 39. fxe4 {[%clk 0:24:05]} fxe4
{[%clk 0:04:03]} 40. Kb5 {[%clk 0:23:56]} Rd6 {[%clk 0:04:23]} 41. b4
{[%clk 0:22:15]} e3 {[%clk 0:04:48]} 42. a5 {[%clk 0:20:56]} bxa5
{[%clk 0:05:13]} 43. bxa5 {[%clk 0:21:14]} Rd2 {[%clk 0:00:57]} 44. Rxd2
{[%clk 0:13:08]} exd2 {[%clk 0:01:22]} 45. Bb3 {[%clk 0:13:29]} Kd7
{[%clk 0:26:27]} 46. Kb6 {[%clk 0:43:18]} Nd5+ {[%clk 0:26:52]} 47. Kb7
{[%clk 0:43:36]} Nxc3 {[%clk 0:27:17]} 48. a6 {[%clk 0:43:44]} Nb5
{[%clk 0:26:22]} 49. Kb6 {[%clk 0:21:31]} Nd6 {[%clk 0:26:48]} 50. Ba4+
{[%clk 0:21:54]} Kd8 {[%clk 0:18:30]} 51. a7 {[%clk 0:15:09]} Nc8+
{[%clk 0:18:55]} 52. Ka6 {[%clk 0:15:29]} Nxa7 {[%clk 0:19:22]} 53. Kxa7
{[%clk 0:15:52]} Kc7 {[%clk 0:19:41]} 54. Bd1 {[%clk 0:15:55]} Kd6
{[%clk 0:19:37]} 55. Kb6 {[%clk 0:12:31]} Ke5 {[%clk 0:19:47]} 56. Kc5
{[%clk 0:12:53]} Kf4 {[%clk 0:20:10]} 57. Kd4 {[%clk 0:12:39]} Kg3
{[%clk 0:20:34]} 58. Bf3 {[%clk 0:12:58]} g4 {[%clk 0:20:59]} 59. Bxg4
{[%clk 0:13:23]} Kxg2 {[%clk 0:21:24]} 60. Ke3 {[%clk 0:13:46]} d1=Q
{[%clk 0:21:51]}  1/2-1/2

[Event "Prague Open 2022 - A IM Open"]
[Site "Olympik hotel, Prague"]
[Date "2022.01.14"]
[Round "9"]
[Board "5"]
[White "Plischki, Sebastian"]
[Black "Mikes, Jan"]
[Result "1-0"]
[WhiteElo "2375"]
[BlackElo "2332"]
[PlyCount "0"]
[EventDate "2022.01.07"]
[EventRounds "9"]
[EventCountry "CZE"]

1. c4 {[%clk 1:30:55]} Nf6 {[%clk 1:30:45]} 2. Nc3 {[%clk 1:31:13]} g6
{[%clk 1:31:00]} 3. e4 {[%clk 1:31:33]} d6 {[%clk 1:31:26]} 4. d4
{[%clk 1:31:58]} Bg7 {[%clk 1:31:53]} 5. f3 {[%clk 1:32:20]} O-O {[%clk 1:32:19]}
6. Nge2 {[%clk 1:32:42]} c5 {[%clk 1:31:50]} 7. d5 {[%clk 1:32:56]} e6
{[%clk 1:30:38]} 8. Ng3 {[%clk 1:33:02]} h5 {[%clk 1:20:56]} 9. Bg5
{[%clk 1:30:52]} Qb6 {[%clk 1:19:19]} 10. Qd2 {[%clk 1:29:54]} Nh7
{[%clk 1:19:10]} 11. Bh4 {[%clk 1:26:42]} g5 {[%clk 1:09:51]} 12. Bxg5
{[%clk 1:26:19]} Nxg5 {[%clk 1:10:17]} 13. Qxg5 {[%clk 1:24:49]} Qxb2
{[%clk 1:10:30]} 14. Rc1 {[%clk 1:25:01]} f6 {[%clk 1:09:22]} 15. Qe3
{[%clk 1:20:01]} f5 {[%clk 1:00:45]} 16. Nxh5 {[%clk 1:15:00]} Bd4
{[%clk 0:59:04]} 17. Qd2 {[%clk 1:13:35]} Qxd2+ {[%clk 0:58:13]} 18. Kxd2
{[%clk 1:13:58]} fxe4 {[%clk 0:57:42]} 19. Nxe4 {[%clk 1:12:44]} exd5
{[%clk 0:58:05]} 20. cxd5 {[%clk 1:11:23]} Bf5 {[%clk 0:48:13]} 21. Nhg3
{[%clk 1:05:03]} Bg6 {[%clk 0:46:14]} 22. Bd3 {[%clk 1:00:54]} Be5
{[%clk 0:41:08]} 23. Rb1 {[%clk 0:58:41]} Bf4+ {[%clk 0:41:14]} 24. Ke2
{[%clk 0:56:31]} c4 {[%clk 0:22:40]} 25. Bxc4 {[%clk 0:53:44]} Nd7
{[%clk 0:22:53]} 26. Rxb7 {[%clk 0:50:36]} Ne5 {[%clk 0:22:50]} 27. Bb3
{[%clk 0:48:26]} a5 {[%clk 0:22:47]} 28. a4 {[%clk 0:40:32]} Rac8
{[%clk 0:22:12]} 29. Rd1 {[%clk 0:28:37]} Nc4 {[%clk 0:21:03]} 30. Rd4
{[%clk 0:28:25]} Ne3 {[%clk 0:12:22]} 31. Nxd6 {[%clk 0:23:40]} Bxd6
{[%clk 0:07:24]} 32. Kxe3 {[%clk 0:24:03]} Bc5 {[%clk 0:06:16]} 33. Ne4
{[%clk 0:24:00]} Bxe4 {[%clk 0:04:18]} 34. fxe4 {[%clk 0:23:03]} Rb8
{[%clk 0:03:19]} 35. d6+ {[%clk 0:19:19]} Kh8 {[%clk 0:03:44]} 36. Bd5
{[%clk 0:18:17]} Rxb7 {[%clk 0:02:55]} 37. Bxb7 {[%clk 0:18:40]} Rb8
{[%clk 0:03:17]} 38. d7 {[%clk 0:18:32]} Kg7 {[%clk 0:03:37]} 39. Bc8
{[%clk 0:18:04]} Bxd4+ {[%clk 0:03:30]} 40. Kxd4 {[%clk 0:18:27]} Rb1
{[%clk 0:03:56]} 41. Ke5 {[%clk 0:17:49]}  1-0

[Event "Prague Open 2022 - A IM Open"]
[Site "Olympik hotel, Prague"]
[Date "2022.01.14"]
[Round "9"]
[Board "6"]
[White "Carlsson, Ludvig"]
[Black "Koubova, Anna Marie"]
[Result "1-0"]
[WhiteElo "2355"]
[BlackElo "2137"]
[PlyCount "0"]
[EventDate "2022.01.07"]
[EventRounds "9"]
[EventCountry "CZE"]

1. Nf3 {[%clk 1:30:55]} d5 {[%clk 1:30:06]} 2. d4 {[%clk 1:31:14]} Nf6
{[%clk 1:30:07]} 3. c4 {[%clk 1:31:32]} dxc4 {[%clk 1:29:50]} 4. e3
{[%clk 1:31:52]} Bg4 {[%clk 1:29:56]} 5. Bxc4 {[%clk 1:32:11]} e6
{[%clk 1:30:05]} 6. Nc3 {[%clk 1:32:19]} a6 {[%clk 1:29:25]} 7. h3
{[%clk 1:32:40]} Bh5 {[%clk 1:29:06]} 8. g4 {[%clk 1:33:02]} Bg6 {[%clk 1:29:11]}
9. Ne5 {[%clk 1:33:27]} Nbd7 {[%clk 1:22:00]} 10. Nxg6 {[%clk 1:33:46]} hxg6
{[%clk 1:22:11]} 11. Bf1 {[%clk 1:34:10]} Be7 {[%clk 1:10:47]} 12. Bg2
{[%clk 1:33:49]} c6 {[%clk 1:10:28]} 13. O-O {[%clk 1:28:40]} O-O
{[%clk 0:58:37]} 14. f4 {[%clk 1:22:58]} Rc8 {[%clk 0:56:04]} 15. h4
{[%clk 1:19:45]} Nd5 {[%clk 0:52:10]} 16. g5 {[%clk 1:19:48]} Qc7
{[%clk 0:48:50]} 17. Be4 {[%clk 1:15:58]} f5 {[%clk 0:46:02]} 18. gxf6
{[%clk 1:07:10]} N7xf6 {[%clk 0:42:24]} 19. Bxg6 {[%clk 1:07:01]} c5
{[%clk 0:42:45]} 20. Ne2 {[%clk 0:58:57]} Ng4 {[%clk 0:38:27]} 21. Ng3
{[%clk 0:58:41]} Nh6 {[%clk 0:36:29]} 22. Ne4 {[%clk 0:51:25]} cxd4
{[%clk 0:35:18]} 23. Ng5 {[%clk 0:45:10]} Nxe3 {[%clk 0:27:02]} 24. Bxe3
{[%clk 0:41:50]} dxe3 {[%clk 0:23:59]} 25. Nxe6 {[%clk 0:41:11]} Qb6
{[%clk 0:24:08]} 26. Qb3 {[%clk 0:41:17]} Qxb3 {[%clk 0:15:54]} 27. axb3
{[%clk 0:41:41]} e2 {[%clk 0:14:21]} 28. Rfe1 {[%clk 0:40:13]} Rf6
{[%clk 0:08:52]} 29. Be4 {[%clk 0:40:33]} Kh8 {[%clk 0:08:23]} 30. Bxb7
{[%clk 0:37:00]} Rg6+ {[%clk 0:06:13]} 31. Ng5 {[%clk 0:37:02]} Bc5+
{[%clk 0:05:42]} 32. Kg2 {[%clk 0:36:05]} Rb8 {[%clk 0:04:42]} 33. Bxa6
{[%clk 0:36:01]} Rf6 {[%clk 0:04:11]} 34. Rxe2 {[%clk 0:30:34]} Rxf4
{[%clk 0:04:14]} 35. Ra4 {[%clk 0:30:59]} Rf6 {[%clk 0:01:55]} 36. Rc4
{[%clk 0:27:54]} Bf8 {[%clk 0:00:35]} 37. Rc8 {[%clk 0:26:02]} Rxb3
{[%clk 0:00:33]} 38. Ne6 {[%clk 0:25:54]} Rb6 {[%clk 0:00:31]} 39. Nxf8
{[%clk 0:25:58]} Rxa6 {[%clk 0:00:42]} 40. Nd7+ {[%clk 0:26:06]} Kh7
{[%clk 0:01:00]} 41. Nxf6+ {[%clk 0:25:42]} gxf6 {[%clk 0:01:24]} 42. Rc5
{[%clk 0:25:24]} Ng4 {[%clk 0:29:12]} 43. Kg3 {[%clk 0:50:29]} Ne5
{[%clk 0:25:24]} 44. Rcxe5 {[%clk 0:49:35]} fxe5 {[%clk 0:25:49]} 45. Rxe5
{[%clk 0:49:59]} Rb6 {[%clk 0:26:02]} 46. Re2 {[%clk 0:50:24]} Kg6
{[%clk 0:25:40]} 47. Kf3 {[%clk 0:49:19]} Kf5 {[%clk 0:21:36]} 48. h5
{[%clk 0:47:37]} Rb3+ {[%clk 0:20:54]} 49. Kf2 {[%clk 0:47:07]} Rh3
{[%clk 0:20:29]} 50. Ke1 {[%clk 0:47:33]} Rxh5 {[%clk 0:12:31]} 51. Kd2
{[%clk 0:47:56]} Rh8 {[%clk 0:12:17]} 52. b4 {[%clk 0:48:01]} Rc8
{[%clk 0:12:35]} 53. Kd3 {[%clk 0:48:17]}  1-0